[Event "4. Wittelsbacher Weihnachts-Schach-Open"]
[Site "Kelheim"]
[Date "2015.12.27"]
[Round "2.36"]
[White "Malzer, Werner"]
[Black "Brunner, Tobias"]
[Result "1-0"]
[WhiteElo "1904"]
[BlackElo "1639"]
[PlyCount "107"]
[EventDate "2015.??.??"]
[WhiteTeam "TSV Kirchenlaibach"]
[BlackTeam "TSV Nittenau"]

1. e4 d5 2. exd5 Qxd5 3. Nc3 Qa5 4. Nf3 Bf5 5. Be2 Nf6 6. Nd4 Bg6 7. O-O c6 8.
d3 e6 9. Nb3 Qc7 10. Be3 Bd6 11. h3 Nbd7 12. Nd2 Rd8 13. f4 Nb6 14. Bf3 O-O 15.
g3 e5 16. Bg2 exf4 17. gxf4 Rfe8 18. Qf3 Nbd5 19. Nde4 Nxe4 20. Nxd5 cxd5 21.
dxe4 Bxe4 22. Qf2 Qxc2 23. Qxc2 Bxc2 24. Bxa7 Bc7 25. Rac1 Re2 26. Rf2 Rxf2 27.
Kxf2 Rc8 28. Be3 d4 29. Rxc2 dxe3+ 30. Ke2 g5 31. Bxb7 Rd8 32. Rxc7 gxf4 33.
Rc2 Rd6 34. a4 Rb6 35. Bc6 Kf8 36. a5 Ra6 37. b4 Ke7 38. Bb7 Rh6 39. Bg2 Kd8
40. Rc5 Rg6 41. Bf3 Rg1 42. Rf5 Rg3 43. Rxf4 Rxh3 44. Kxe3 Ke7 45. Rd4 Rh2 46.
a6 Ra2 47. Bb7 Ra3+ 48. Ke4 h5 49. Kf5 Ra4 50. Re4+ Kd6 51. b5 Ra5 52. Bc6 Ra1
53. Kg5 h4 54. Kxh4 1-0

[Event "4. Wittelsbacher Weihnachts-Schach-Open"]
[Site "Kelheim"]
[Date "2015.12.27"]
[Round "2.37"]
[White "Dietl, Harald"]
[Black "Pohl, Steffen"]
[Result "0-1"]
[WhiteElo "1802"]
[BlackElo "1869"]
[PlyCount "22"]
[EventDate "2015.??.??"]
[WhiteTeam "SK Abensberg"]
[BlackTeam "SK Schwanstetten"]

1. f4 d6 2. Nf3 Bg4 3. e3 e5 4. fxe5 dxe5 5. Be2 Nc6 6. c3 Bd6 7. O-O e4 8. Nd4
Qh4 9. Bxg4 Qxh2+ 10. Kf2 Bg3+ 11. Ke2 Qxg2+ 0-1

[Event "4. Wittelsbacher Weihnachts-Schach-Open"]
[Site "Kelheim"]
[Date "2015.12.27"]
[Round "2.38"]
[White "Seifert, Werner"]
[Black "Ulmer, Heinz"]
[Result "1-0"]
[WhiteElo "1985"]
[BlackElo "1914"]
[PlyCount "71"]
[EventDate "2015.??.??"]
[WhiteTeam "SV WB Allianz München"]

1. e4 d5 2. exd5 Qxd5 3. Nc3 Qa5 4. d4 c6 5. Nf3 Bg4 6. h3 Bxf3 7. Qxf3 Nf6 8.
Bc4 e6 9. O-O Bd6 10. Bf4 Bxf4 11. Qxf4 O-O 12. Rfe1 Nbd7 13. Rad1 Nd5 14. Nxd5
cxd5 15. Bb3 Nf6 16. Re3 Rac8 17. Qe5 Qc7 18. c3 b5 19. Qg5 Qd8 20. Rg3 g6 21.
Bc2 Nh5 22. Qxh5 b4 23. Qg4 bxc3 24. bxc3 Qa5 25. h4 Rxc3 26. Bd3 Rc6 27. h5 f5
28. Qf4 Rf6 29. hxg6 Rxg6 30. Rxg6+ hxg6 31. Qh6 Kf7 32. Qh7+ Kf6 33. Qh8+ Kf7
34. Rb1 Rb6 35. Rc1 Rb7 36. Qh7+ 1-0

[Event "4. Wittelsbacher Weihnachts-Schach-Open"]
[Site "Kelheim"]
[Date "2015.12.27"]
[Round "2.39"]
[White "Gets, Alexej"]
[Black "Hildenbrand, Andreas"]
[Result "1-0"]
[WhiteElo "1785"]
[BlackElo "1828"]
[PlyCount "98"]
[EventDate "2015.??.??"]
[WhiteTeam "SC Noris-Tarrasch Nürnberg"]
[BlackTeam "SK Garmisch-Partenkirch."]

1. b3 Nc6 2. e3 g6 3. Bb2 Nf6 4. Bb5 Bg7 5. Nf3 a6 6. Bxc6 dxc6 7. h3 c5 8. a4
b6 9. d3 Bb7 10. Nbd2 O-O 11. O-O Nd5 12. Qc1 Nc3 13. Re1 e6 14. e4 b5 15. axb5
Nxb5 16. Bxg7 Kxg7 17. Qb2+ Qf6 18. Qxf6+ Kxf6 19. Ra4 Rad8 20. e5+ Kg7 21. Ne4
Bxe4 22. Rexe4 Ra8 23. Rec4 f6 24. exf6+ Kxf6 25. Rxc5 Rfc8 26. Rc6 h5 27.
Raxa6 Rxa6 28. Rxa6 c5 29. Nd2 Nd4 30. Ne4+ Ke7 31. Ra7+ Kf8 32. Ra5 Nxc2 33.
Rxc5 Rxc5 34. Nxc5 Ke7 35. Kf1 Kd6 36. Nb7+ Kd5 37. g4 e5 38. gxh5 gxh5 39. h4
Kd4 40. Ke2 Kc3 41. Nc5 Nd4+ 42. Ke3 Nf5+ 43. Ke4 Nxh4 44. Kxe5 Nf3+ 45. Kf4
Ng1 46. Kg5 Kd4 47. b4 Nh3+ 48. Kxh5 Nxf2 49. Kg5 Nxd3 1-0

[Event "4. Wittelsbacher Weihnachts-Schach-Open"]
[Site "Kelheim"]
[Date "2015.12.27"]
[Round "2.40"]
[White "Grasser, Martin"]
[Black "Meyer, Nico"]
[Result "1-0"]
[WhiteElo "1902"]
[BlackElo "1537"]
[PlyCount "53"]
[EventDate "2015.??.??"]
[WhiteTeam "Regensburger Turnerschaft"]
[BlackTeam "SC Bechhofen"]

1. e4 e5 2. Nf3 Nc6 3. Bb5 a6 4. Ba4 Bc5 5. O-O b5 6. Bb3 Nf6 7. c3 d6 8. d4
exd4 9. cxd4 Bb6 10. Nc3 Bg4 11. Be3 Bxf3 12. gxf3 Na5 13. Bc2 c5 14. Ne2 Nc4
15. Bc1 O-O 16. b3 Na5 17. d5 Nd7 18. Ng3 Qf6 19. Rb1 c4 20. Nf5 Qg6+ 21. Kh1
Qh5 22. Rg1 g6 23. Rg5 Qh3 24. Rg3 Qh5 25. Qf1 Ne5 26. Ne7+ Kh8 27. Rh3 1-0

[Event "4. Wittelsbacher Weihnachts-Schach-Open"]
[Site "Kelheim"]
[Date "2015.12.27"]
[Round "2.41"]
[White "Mühlich, Cornelius"]
[Black "Kaiser, Dominik"]
[Result "0-1"]
[WhiteElo "1771"]
[BlackElo "1906"]
[PlyCount "40"]
[EventDate "2015.??.??"]
[WhiteTeam "SK Kelheim"]
[BlackTeam "TSV Kareth-Lappersdorf"]

1. c4 e5 2. g3 Nf6 3. Bg2 Bc5 4. Nc3 O-O 5. e3 Nc6 6. Nge2 Re8 7. O-O d6 8. d4
exd4 9. Nxd4 Nxd4 10. exd4 Bb6 11. Bg5 h6 12. Be3 c6 13. c5 Ba5 14. cxd6 Qxd6
15. a3 Bg4 16. Qd3 Rad8 17. f3 Bb6 18. Kh1 Bh5 19. Rad1 c5 20. Ne2 Qe6 0-1

[Event "4. Wittelsbacher Weihnachts-Schach-Open"]
[Site "Kelheim"]
[Date "2015.12.27"]
[Round "2.42"]
[White "Löchel, Günter"]
[Black "Doleschal, Johannes"]
[Result "0-1"]
[WhiteElo "1617"]
[BlackElo "1968"]
[PlyCount "80"]
[EventDate "2015.??.??"]
[WhiteTeam "SC Kreut"]
[BlackTeam "TSV Kirchenlaibach"]

1. e4 e5 2. Nf3 Nc6 3. d4 exd4 4. Nxd4 Bc5 5. Be3 Qf6 6. c3 Nge7 7. Be2 O-O 8.
O-O a6 9. Nf5 Bxe3 10. Nxe3 d6 11. Nd2 Qg6 12. Bg4 Kh8 13. Bxc8 Raxc8 14. Qg4
Qf6 15. f4 Rcd8 16. Nf3 g6 17. Rad1 Qg7 18. f5 f6 19. Nd5 Nxd5 20. exd5 Ne5 21.
Nxe5 dxe5 22. fxg6 hxg6 23. Qb4 b6 24. Rf3 Qd7 25. d6 a5 26. Qe4 Kg7 27. Rg3
Qf7 28. d7 Rh8 29. Qc6 Qxa2 30. Rf3 Rhf8 31. Rdf1 f5 32. Qxc7 Qe6 33. Rd1 e4
34. Rd6 Qe7 35. Rg3 Rf6 36. Rxb6 Rxd7 37. Qb8 Qc5+ 38. Kf1 Rxb6 39. Qe8 Qe7 40.
Qa8 Rxb2 0-1

[Event "4. Wittelsbacher Weihnachts-Schach-Open"]
[Site "Kelheim"]
[Date "2015.12.27"]
[Round "2.43"]
[White "Häusler, Florian"]
[Black "Nöckler, Alexander"]
[Result "0-1"]
[WhiteElo "1806"]
[BlackElo "1933"]
[PlyCount "79"]
[EventDate "2015.??.??"]
[WhiteTeam "TSV Kareth-Lappersdorf"]
[BlackTeam "SK Weiden"]

1. e4 c5 2. Nf3 d6 3. d4 cxd4 4. Nxd4 Nf6 5. Nc3 a6 6. f3 e5 7. Nb3 Be6 8. Be3
Be7 9. Qd2 b5 10. O-O-O Nbd7 11. Kb1 Qc7 12. g4 Nb6 13. g5 Nfd7 14. Nd5 Bxd5
15. exd5 Rc8 16. c3 Nc4 17. Bxc4 bxc4 18. Nc1 Qb7 19. h4 Bd8 20. f4 Rb8 21. Rh2
O-O 22. f5 Bb6 23. h5 Bc5 24. g6 Bxe3 25. gxh7+ Kxh7 26. Qxe3 Nf6 27. Rg1 Ng8
28. Rxg7+ Kxg7 29. Rg2+ Kh7 30. h6 Nf6 31. Rg7+ Kh8 32. b3 cxb3 33. axb3 Rg8
34. Qg5 Qe7 35. c4 Nxd5 36. Qg3 Nf4 37. Kb2 Nh5 38. Qh3 Nxg7 39. hxg7+ Kxg7 40.
f6+ 0-1

[Event "4. Wittelsbacher Weihnachts-Schach-Open"]
[Site "Kelheim"]
[Date "2015.12.27"]
[Round "2.44"]
[White "Schilay, Lorenz"]
[Black "Weidenhöfer, Robert"]
[Result "1-0"]
[WhiteElo "1760"]
[BlackElo "1691"]
[PlyCount "81"]
[EventDate "2015.??.??"]
[WhiteTeam "SK Neumarkt"]
[BlackTeam "SW Nürnberg Süd"]

1. e4 b6 2. d4 Bb7 3. Nc3 e6 4. f4 Bb4 5. Bd3 Nf6 6. Qe2 d5 7. e5 Ne4 8. Bd2
Nxd2 9. Qxd2 c5 10. a3 cxd4 11. axb4 dxc3 12. Qxc3 O-O 13. Nf3 Nc6 14. b5 d4
15. Qd2 Ne7 16. Nxd4 g6 17. c3 Qd5 18. O-O Rfd8 19. Rfe1 Qc5 20. Qe3 Qc7 21.
Qh3 Nd5 22. Qh6 Qe7 23. Be4 Rdc8 24. Ra4 Qc5 25. Rea1 Nxc3 26. Bxb7 Nxa4 27.
Rxa4 Rab8 28. Bxc8 Rxc8 29. f5 Qxe5 30. Qd2 Rd8 31. fxe6 fxe6 32. Qc3 Qe4 33.
Rc4 Qb1+ 34. Kf2 Rf8+ 35. Nf3 Qd1 36. Rc7 Rf7 37. Rc8+ Rf8 38. Rxf8+ Kxf8 39.
Qf6+ Ke8 40. Qxe6+ Kd8 41. Qg8+ 1-0

[Event "4. Wittelsbacher Weihnachts-Schach-Open"]
[Site "Kelheim"]
[Date "2015.12.27"]
[Round "2.45"]
[White "Tautz, Helmut"]
[Black "Meulner, Fabian"]
[Result "0-1"]
[WhiteElo "1522"]
[BlackElo "1854"]
[PlyCount "58"]
[EventDate "2015.??.??"]
[WhiteTeam "SK Kelheim"]
[BlackTeam "SW Nürnberg Süd"]

1. e4 e5 2. Nf3 Nc6 3. Bc4 Bc5 4. d4 Bxd4 5. Nxd4 Nxd4 6. f4 Qe7 7. O-O Ne6 8.
Bb3 exf4 9. Bxf4 Nxf4 10. Rxf4 Nf6 11. Qf3 d6 12. Nc3 Be6 13. Nd5 Bxd5 14. exd5
O-O 15. c4 Nd7 16. Re4 Ne5 17. Qf2 f5 18. Re3 Qf6 19. Qe2 Ng4 20. Rg3 Qd4+ 21.
Kh1 Rae8 22. Rxg4 fxg4 23. Qc2 Rf2 24. Qc1 g3 25. Bc2 Ree2 26. Bxh7+ Kxh7 27.
Qg5 Qe5 28. Qh4+ Kg8 29. hxg3 Rf6 0-1

[Event "4. Wittelsbacher Weihnachts-Schach-Open"]
[Site "Kelheim"]
[Date "2015.12.27"]
[Round "2.46"]
[White "Michel, Philipp"]
[Black "Lohr, Werner"]
[Result "0-1"]
[WhiteElo "1712"]
[BlackElo "1911"]
[PlyCount "34"]
[EventDate "2015.??.??"]
[WhiteTeam "SC Forchheim"]
[BlackTeam "TSV Mainburg"]

1. c4 e6 2. Nc3 d5 3. e3 c6 4. d4 f5 5. Nf3 Nf6 6. Be2 Bd6 7. O-O O-O 8. Nd2
Nbd7 9. f3 Qc7 10. g3 Bxg3 11. hxg3 Qxg3+ 12. Kh1 Nh5 13. f4 Qh3+ 14. Kg1 Qxe3+
15. Kh2 Qg3+ 16. Kh1 Nxf4 17. Bf3 Rf6 0-1

[Event "4. Wittelsbacher Weihnachts-Schach-Open"]
[Site "Kelheim"]
[Date "2015.12.27"]
[Round "2.47"]
[White "Trefflich, Marcus"]
[Black "Schmitz, Marc"]
[Result "0-1"]
[WhiteElo "1371"]
[BlackElo "1748"]
[PlyCount "50"]
[EventDate "2015.??.??"]
[WhiteTeam "SC Treuchtlingen"]
[BlackTeam "SV Saal/Donau"]

1. c4 Nf6 2. g3 g6 3. Bg2 Bg7 4. Nf3 O-O 5. O-O c6 6. d3 d5 7. cxd5 cxd5 8. a3
Nc6 9. Nc3 d4 10. Na2 a5 11. Bd2 Be6 12. b4 Bxa2 13. Rxa2 axb4 14. a4 Nd5 15.
Qb3 Na5 16. Qb2 Nc3 17. Bxc3 bxc3 18. Qc2 Ra6 19. Rb1 Rb6 20. Rb5 Rxb5 21. axb5
b6 22. e3 e5 23. e4 Qd7 24. Qb1 Rc8 25. Qb4 c2 0-1

[Event "4. Wittelsbacher Weihnachts-Schach-Open"]
[Site "Kelheim"]
[Date "2015.12.27"]
[Round "2.48"]
[White "Hagen, Wolfgang"]
[Black "Brassat, Jürgen"]
[Result "1/2-1/2"]
[WhiteElo "1740"]
[BlackElo "1889"]
[PlyCount "42"]
[EventDate "2015.??.??"]
[WhiteTeam "TSV Mindelheim"]
[BlackTeam "SV Altbach"]

1. Nf3 c5 2. c4 b6 3. g3 e6 4. Bg2 Bb7 5. O-O Nf6 6. Nc3 Be7 7. b3 O-O 8. Bb2
a6 9. Qc2 Qc7 10. Rac1 d6 11. Rfd1 Nbd7 12. d4 Rad8 13. dxc5 dxc5 14. Rd2 Nb8
15. Rcd1 Nc6 16. a3 Rxd2 17. Rxd2 Rd8 18. Qd1 h6 19. Rxd8+ Nxd8 20. Qd2 Nc6 21.
Qc2 Nd8 1/2-1/2

[Event "4. Wittelsbacher Weihnachts-Schach-Open"]
[Site "Kelheim"]
[Date "2015.12.27"]
[Round "2.49"]
[White "Moseler, Thomas"]
[Black "Glück, Ulrich"]
[Result "0-1"]
[WhiteElo "1628"]
[BlackElo "1713"]
[PlyCount "128"]
[EventDate "2015.??.??"]
[WhiteTeam "SK Lister Turm"]
[BlackTeam "MSA Zugzwang"]

1. e4 c5 2. Nf3 e6 3. d4 cxd4 4. Nxd4 Nc6 5. Nc3 a6 6. Nxc6 bxc6 7. Bd3 Nf6 8.
O-O d5 9. Qf3 e5 10. h3 d4 11. Ne2 Be7 12. Ng3 O-O 13. Nf5 Bxf5 14. Qxf5 Bd6
15. Bg5 h6 16. Bxf6 Qxf6 17. Qxf6 gxf6 18. Rac1 a5 19. c3 c5 20. cxd4 exd4 21.
f4 Rab8 22. Rf2 a4 23. f5 Rfc8 24. Kf1 Rb4 25. Bc4 Kf8 26. Rcc2 Rd8 27. Ke2 Ke7
28. Kd3 Rdb8 29. b3 a3 30. Bd5 Rg8 31. Rc4 Rg3+ 32. Rf3 Rxg2 33. Rc2 Rg1 34.
Ke2 Rb8 35. Kd2 Rbg8 36. Kd3 R8g2 37. Rxg2 Rxg2 38. Kc4 Rxa2 39. Rf1 Rc2+ 40.
Kd3 Rc3+ 41. Kd2 Rxh3 42. Ra1 Rh2+ 43. Kd3 a2 44. b4 cxb4 45. Rxa2 Rxa2 46.
Bxa2 h5 47. Kxd4 h4 48. Bc4 h3 49. Bf1 h2 50. Bg2 Kd7 51. Kc4 Kc7 52. Kb3 Kb6
53. Bf3 Kc5 54. Bh1 Kd4 55. Bg2 Ke3 56. Kc2 Kf2 57. Bh1 Kg1 58. Bf3 h1=Q 59.
Bxh1 Kxh1 60. Kd3 Kg2 61. Kd4 Kf3 62. Kd3 Kf4 63. Kd4 Bc5+ 64. Kc4 Be3 0-1

[Event "4. Wittelsbacher Weihnachts-Schach-Open"]
[Site "Kelheim"]
[Date "2015.12.27"]
[Round "2.50"]
[White "Urban, Rudolf"]
[Black "Burgard, Manfred"]
[Result "1/2-1/2"]
[WhiteElo "1871"]
[BlackElo "1565"]
[PlyCount "66"]
[EventDate "2015.??.??"]
[WhiteTeam "SC Roter Turm Altstadt"]
[BlackTeam "SF Roding"]

1. d4 Nf6 2. Bf4 d5 3. c3 c5 4. e3 Nc6 5. Nf3 Qb6 6. Qb3 c4 7. Qc2 g6 8. Nbd2
Bf5 9. Qc1 Qd8 10. h3 b5 11. Ne5 Qc8 12. g4 Be6 13. Bg2 Bg7 14. O-O O-O 15. Qd1
Nd7 16. Nef3 f6 17. Qe2 Bf7 18. Rfe1 e5 19. dxe5 Ncxe5 20. Bxe5 Nxe5 21. Nxe5
fxe5 22. Rad1 e4 23. f4 b4 24. Nb1 a5 25. Rd2 Qc5 26. Red1 Rfd8 27. Bxe4 a4 28.
cxb4 Qxb4 29. Bf3 Rab8 30. Bxd5 Bxd5 31. Rxd5 Rxd5 32. Rxd5 c3 33. Nxc3 Bxc3
1/2-1/2

[Event "4. Wittelsbacher Weihnachts-Schach-Open"]
[Site "Kelheim"]
[Date "2015.12.27"]
[Round "2.51"]
[White "Müller, Dennis"]
[Black "Schilay, Eva"]
[Result "1-0"]
[WhiteElo "1729"]
[BlackElo "1429"]
[PlyCount "97"]
[EventDate "2015.??.??"]
[WhiteTeam "SC Kreut"]
[BlackTeam "SK Neumarkt"]

1. e4 d5 2. Nc3 dxe4 3. Nxe4 Bf5 4. Ng3 Bg6 5. Nf3 Nf6 6. Bc4 e6 7. d4 Bd6 8.
O-O O-O 9. Bg5 h6 10. Bh4 c6 11. Bd3 Bxd3 12. Qxd3 Be7 13. Ne2 Nd5 14. Bxe7
Qxe7 15. Ne5 Nd7 16. f4 Rfd8 17. Qg3 N7f6 18. Rf3 Ne4 19. Qh3 Nd6 20. Raf1 Nf5
21. g4 Nd6 22. c4 Nf6 23. g5 hxg5 24. fxg5 Nfe4 25. Nxf7 Nxf7 26. Rxf7 Qxg5+
27. Kh1 Qh6 28. Qxh6 gxh6 29. Rxb7 Rf8 30. Nf4 Rf5 31. Rg1+ Rg5 32. Rxg5+ Nxg5
33. h4 Nf3 34. Nxe6 Nxh4 35. d5 cxd5 36. cxd5 Nf5 37. Nc7 Rd8 38. Rxa7 Ne3 39.
b4 Nxd5 40. Nxd5 Rxd5 41. a4 h5 42. b5 Rd1+ 43. Kg2 Rb1 44. Kg3 Rb4 45. Ra6 Kf7
46. b6 Ke8 47. a5 Kd8 48. Ra8+ Kd7 49. a6 1-0

[Event "4. Wittelsbacher Weihnachts-Schach-Open"]
[Site "Kelheim"]
[Date "2015.12.27"]
[Round "2.52"]
[White "Mosler, Ernst"]
[Black "Guckes, Fabian"]
[Result "0-1"]
[WhiteElo "1641"]
[BlackElo "1681"]
[PlyCount "43"]
[EventDate "2015.??.??"]
[WhiteTeam "SV Wettstetten"]
[BlackTeam "SV Worms"]

1. e4 c5 2. Nf3 Nc6 3. d4 cxd4 4. Nxd4 Nf6 5. Nc3 e5 6. Nf3 Bb4 7. Bd3 d5 8.
Bd2 Bxc3 9. Bxc3 dxe4 10. Bxe4 Qxd1+ 11. Rxd1 Nxe4 12. Nxe5 Nxc3 13. Nxc6 Nxd1
14. Nxa7 Rxa7 15. a3 Nxb2 16. Kd2 O-O 17. Re1 Nc4+ 18. Kc3 Be6 19. Kb4 Nxa3 20.
Rc1 Rc8 21. Rd1 Rc4+ 22. Kb3 0-1

[Event "4. Wittelsbacher Weihnachts-Schach-Open"]
[Site "Kelheim"]
[Date "2015.12.27"]
[Round "2.53"]
[White "Obermeier, Johannes"]
[Black "Lohr, Maximilian"]
[Result "1-0"]
[WhiteElo "1807"]
[BlackElo "1383"]
[PlyCount "59"]
[EventDate "2015.??.??"]
[WhiteTeam "SK Kelheim"]
[BlackTeam "TSV Mainburg"]

1. e4 d5 2. exd5 Qxd5 3. Nc3 Qa5 4. d4 c6 5. Nf3 Nf6 6. Bd3 Bg4 7. h3 Bh5 8.
O-O e6 9. Bf4 Be7 10. Ne4 Nbd7 11. Ng3 Bg6 12. c4 O-O 13. Re1 Bxd3 14. Qxd3
Rfd8 15. a3 Qb6 16. Qc3 c5 17. Rad1 cxd4 18. Nxd4 Bc5 19. b4 Bxd4 20. Rxd4 Re8
21. Rd6 Qc7 22. c5 Nd5 23. Rxd5 Qxf4 24. Rxd7 Rad8 25. Qd3 Qf6 26. Rd1 Rc8 27.
Ne4 Qe5 28. Nd6 Rcd8 29. Nxe8 Rxe8 30. Rd8 1-0

[Event "4. Wittelsbacher Weihnachts-Schach-Open"]
[Site "Kelheim"]
[Date "2015.12.27"]
[Round "2.54"]
[White "Baedorf, Robert"]
[Black "Voigt, Tobias"]
[Result "1/2-1/2"]
[WhiteElo "1697"]
[BlackElo "1594"]
[PlyCount "53"]
[EventDate "2015.??.??"]
[WhiteTeam "SF Illingen"]
[BlackTeam "SK München Südost"]

1. e4 e6 2. e5 d5 3. d4 c5 4. Bb5+ Bd7 5. Bxd7+ Qxd7 6. c3 Nc6 7. Nf3 Qc7 8.
O-O Qb6 9. a3 Be7 10. b4 cxd4 11. cxd4 f6 12. Be3 fxe5 13. dxe5 Qc7 14. Bf4 Nh6
15. Qc1 a6 16. Nd4 Kd7 17. Nxc6 bxc6 18. Nd2 Nf7 19. Nf3 h6 20. h3 g5 21. Bh2
h5 22. Re1 g4 23. Nd4 gxh3 24. gxh3 Rhg8+ 25. Kh1 Raf8 26. f4 c5 27. bxc5
1/2-1/2

[Event "4. Wittelsbacher Weihnachts-Schach-Open"]
[Site "Kelheim"]
[Date "2015.12.27"]
[Round "2.55"]
[White "Brack, André"]
[Black "Adlhoch, Walter"]
[Result "0-1"]
[WhiteElo "1832"]
[BlackElo "1537"]
[PlyCount "57"]
[EventDate "2015.??.??"]
[WhiteTeam "Regensburger Turnerschaft"]
[BlackTeam "SK Schwandorf"]

1. d4 e6 2. c4 Bb4+ 3. Bd2 Qe7 4. a3 Bxd2+ 5. Nxd2 Nf6 6. e4 d6 7. Rc1 c5 8. d5
exd5 9. cxd5 Nxd5 10. Bc4 Nf6 11. Qc2 O-O 12. Ne2 Re8 13. Nc3 Bf5 14. f3 a6 15.
O-O Be6 16. Rfd1 Nc6 17. Bd3 Nd4 18. Qb1 b5 19. Ne2 Nc6 20. Nf4 c4 21. Be2 Qa7+
22. Kf1 Nd4 23. Nxe6 Rxe6 24. b3 Nxe2 25. Kxe2 d5 26. bxc4 dxc4 27. Qb4 Nd5 28.
Qa5 Nf4+ 29. Kf1 0-1

[Event "4. Wittelsbacher Weihnachts-Schach-Open"]
[Site "Kelheim"]
[Date "2015.12.27"]
[Round "2.56"]
[White "Butenandt, Svenja"]
[Black "Gottschall, Ina"]
[Result "0-1"]
[WhiteElo "1419"]
[BlackElo "1751"]
[PlyCount "110"]
[EventDate "2015.??.??"]
[WhiteTeam "TV Tegernsee"]
[BlackTeam "USV TU Dresden"]

1. e4 g6 2. d4 Bg7 3. Nf3 d6 4. Nc3 Nf6 5. Bc4 O-O 6. Be3 Nc6 7. Qd2 Bg4 8.
O-O-O a6 9. Be2 b5 10. Bh6 b4 11. Na4 Nxe4 12. Qe3 Bxh6 13. Qxh6 Bxf3 14. Bxf3
d5 15. Rhf1 e6 16. h4 Qf6 17. Bxe4 dxe4 18. Nc5 Qg7 19. Qxg7+ Kxg7 20. Nxe4
Rfd8 21. c3 bxc3 22. bxc3 Rab8 23. Nc5 Rb6 24. Kc2 e5 25. dxe5 Rxd1 26. Rxd1
Nxe5 27. Rb1 Rc6 28. Nd3 Nc4 29. Rb7 Nd6 30. Nb4 Rc4 31. Kb3 a5 32. Nd3 a4+ 33.
Ka3 Nxb7 34. Nb2 Rxc3+ 35. Kxa4 Rc2 36. Kb3 Rxf2 37. g4 Rh2 38. a4 Rxh4 39. Kb4
Rxg4+ 40. Kb5 Rg3 41. Kc6 Rc3+ 42. Kxb7 Rb3+ 43. Kxc7 Rxb2 44. a5 f5 45. a6 f4
46. a7 Ra2 47. Kb7 Rxa7+ 48. Kxa7 f3 49. Kb6 Kf6 50. Kc5 Ke5 51. Kc4 Ke4 52.
Kc3 f2 53. Kc4 f1=Q+ 54. Kc5 Ke5 55. Kc6 Qc4+ 0-1

[Event "4. Wittelsbacher Weihnachts-Schach-Open"]
[Site "Kelheim"]
[Date "2015.12.27"]
[Round "2.57"]
[White "Hartmann, Willibald"]
[Black "Guckes, Simon"]
[Result "1-0"]
[WhiteElo "1546"]
[BlackElo "1584"]
[PlyCount "77"]
[EventDate "2015.??.??"]
[WhiteTeam "TSV Mindelheim"]
[BlackTeam "SV Worms"]

1. d4 Nf6 2. c4 e6 3. Nc3 c5 4. d5 exd5 5. cxd5 d6 6. Nf3 Be7 7. e4 Bg4 8. Be2
O-O 9. O-O Re8 10. Qd3 Nbd7 11. h3 Ne5 12. Nxe5 Bxe2 13. Qxe2 dxe5 14. Bg5 Nxd5
15. exd5 Bxg5 16. Rad1 Qf6 17. Ne4 Qf5 18. Nd6 Qd7 19. Nxe8 Rxe8 20. Qg4 Qxg4
21. hxg4 Rd8 22. g3 Kf8 23. f4 exf4 24. gxf4 Bf6 25. Kg2 Bd4 26. b4 b6 27. bxc5
bxc5 28. Rb1 Rxd5 29. Rb8+ Ke7 30. Rb7+ Rd7 31. Rfb1 c4 32. Rxd7+ Kxd7 33. Rb4
Be3 34. Rxc4 Kd6 35. Kf3 Bc5 36. Ke4 g6 37. Rc3 h6 38. Rh3 Ke6 39. Rxh6 1-0

[Event "4. Wittelsbacher Weihnachts-Schach-Open"]
[Site "Kelheim"]
[Date "2015.12.27"]
[Round "2.58"]
[White "Hirn, Thomas"]
[Black "Ponomarev, Maximilian"]
[Result "1/2-1/2"]
[WhiteElo "1771"]
[BlackElo "1253"]
[PlyCount "58"]
[EventDate "2015.??.??"]
[WhiteTeam "TuS Fürstenfeldbruck"]
[BlackTeam "SC Tarrasch München"]

1. e4 d5 2. e5 c5 3. Nf3 Nc6 4. c3 Bg4 5. Bb5 Qc7 6. d4 cxd4 7. cxd4 e6 8. a3
a6 9. Be2 Be7 10. Nc3 Qb6 11. Na4 Qc7 12. O-O Bf5 13. Be3 f6 14. Rc1 Qd8 15.
Nh4 Bg6 16. f4 Bf7 17. Nf3 Nh6 18. h3 O-O 19. Bd3 b5 20. Rxc6 bxa4 21. Rxa6
Rxa6 22. Bxa6 Qb6 23. Qe2 Rb8 24. Bd3 Qxb2 25. Rb1 Qxb1+ 26. Bxb1 Rxb1+ 27. Kh2
Bxa3 28. Qc2 Rb2 29. Qc8+ Bf8 {Züge fehlen.../unleserlich} 1/2-1/2

[Event "4. Wittelsbacher Weihnachts-Schach-Open"]
[Site "Kelheim"]
[Date "2015.12.27"]
[Round "2.59"]
[White "Meier, Jannik"]
[Black "Lautner, Peter"]
[Result "1-0"]
[WhiteElo "1353"]
[BlackElo "1512"]
[PlyCount "91"]
[EventDate "2015.??.??"]
[WhiteTeam "TV Tegernsee"]
[BlackTeam "SC Kreut"]

1. e4 c5 2. Nf3 g6 3. d4 cxd4 4. Nxd4 Bg7 5. c4 d6 6. Nc3 Nf6 7. Be3 Ng4 8. Bg5
h6 9. Bc1 Qb6 10. Be2 h5 11. f3 Bxd4 12. fxg4 Bxc3+ 13. bxc3 h4 14. Qd4 Qxd4
15. cxd4 Nc6 16. Bb2 O-O 17. Kf2 f5 18. gxf5 gxf5 19. exf5 Rxf5+ 20. Ke3 Nb4
21. Bd1 Rg5 22. Rg1 Bd7 23. a3 Na6 24. Bf3 Nc7 25. Rab1 Rb8 26. g3 h3 27. Rgf1
b5 28. Bc3 a6 29. Be4 Rd8 30. Bd3 Bc6 31. Rf4 d5 32. c5 Bd7 33. Rbf1 Ne6 34.
Rf5 Rxf5 35. Rxf5 Bc8 36. Rh5 Ng7 37. Rg5 Kf7 38. Kf3 Kf6 39. Bd2 e6 40. g4 Rf8
41. Kg3 Ne8 42. Kxh3 Ke7 43. Kg3 Nf6 44. Rg7+ Ke8 45. Bg6+ Kd8 46. Ba5# 1-0

[Event "4. Wittelsbacher Weihnachts-Schach-Open"]
[Site "Kelheim"]
[Date "2015.12.27"]
[Round "2.60"]
[White "Antczak, Lena"]
[Black "Gehrke, Jakob"]
[Result "1-0"]
[WhiteElo "1654"]
[BlackElo "1294"]
[PlyCount "73"]
[EventDate "2015.??.??"]
[WhiteTeam "SK Kelheim"]
[BlackTeam "TV Tegernsee"]

1. e4 e5 2. Nf3 Nc6 3. d4 exd4 4. Nxd4 Bc5 5. Be3 Nxd4 6. Bxd4 Bb4+ 7. c3 Ba5
8. Bxg7 Qe7 9. Bxh8 Qxe4+ 10. Qe2 Qxe2+ 11. Bxe2 f6 12. Bc4 Nh6 13. Bxf6 Bb6
14. O-O d6 15. Nd2 Bf5 16. Nf3 Ng4 17. Bd4 Bxd4 18. Nxd4 Bd7 19. Rfe1+ Ne5 20.
f4 Kd8 21. fxe5 dxe5 22. Rxe5 c6 23. Rf1 Kc7 24. Rf7 Rd8 25. Ne6+ Kd6 26. Nxd8
Kxe5 27. Rxd7 Kf6 28. Rxh7 Kg6 29. Rxb7 Kf5 30. Rxa7 Ke4 31. h4 Kf5 32. Ra5+
Kg6 33. h5+ Kh6 34. Nf7+ Kg7 35. h6+ Kh7 36. Bd3+ Kg8 37. h7+ 1-0

[Event "4. Wittelsbacher Weihnachts-Schach-Open"]
[Site "Kelheim"]
[Date "2015.12.27"]
[Round "2.61"]
[White "Weindl, Robert"]
[Black "Fritsch, Julian"]
[Result "1/2-1/2"]
[WhiteElo "1269"]
[BlackElo "1377"]
[PlyCount "90"]
[EventDate "2015.??.??"]
[WhiteTeam "SK Landshut"]
[BlackTeam "SK Kelheim"]

1. Nf3 d6 2. d4 Nf6 3. h3 g6 4. c3 Bg7 5. Nbd2 O-O 6. e4 e5 7. dxe5 dxe5 8. Qc2
Nc6 9. Bb5 Nh5 10. Bxc6 bxc6 11. Nb3 f5 12. Bg5 Qe8 13. O-O fxe4 14. Qxe4 Bf5
15. Qc4+ Be6 16. Qe2 Nf4 17. Bxf4 Rxf4 18. Qe3 Bd5 19. Nfd2 Qe7 20. c4 Bxc4 21.
Nxc4 Rxc4 22. Rac1 Rxc1 23. Rxc1 Qd6 24. Na5 Rb8 25. Qxa7 Rxb2 26. Qa8+ Kf7 27.
Nxc6 Qd2 28. Nd8+ Kf6 29. Qf3+ Qf4 30. Rc6+ Ke7 31. Qxf4 exf4 32. Rxc7+ Kxd8
33. Rxg7 Rxa2 34. Rxh7 Ke8 35. Kf1 Kf8 36. Rb7 Ra1+ 37. Ke2 Ra2+ 38. Kf3 g5 39.
Rb5 Ra3+ 40. Kg4 Ra2 41. Kf3 Ra3+ 42. Ke4 Ra2 43. Rxg5 Rxf2 44. Rf5+ Ke7 45. h4
Rxg2 1/2-1/2

[Event "4. Wittelsbacher Weihnachts-Schach-Open"]
[Site "Kelheim"]
[Date "2015.12.27"]
[Round "2.63"]
[White "Erdösi, Anna"]
[Black "Krause, Karl-Heinz"]
[Result "0-1"]
[WhiteElo "1184"]
[BlackElo "1428"]
[PlyCount "60"]
[EventDate "2015.??.??"]
[WhiteTeam "TV Tegernsee"]
[BlackTeam "SK Landau-Dingolfing"]

1. e4 e6 2. d4 d6 3. Nf3 Be7 4. Nc3 c6 5. Bc4 b5 6. Bb3 b4 7. Ne2 Nf6 8. Qd3
Ba6 9. Qe3 h6 10. Bd2 c5 11. d5 e5 12. c3 Ng4 13. Ba4+ Nd7 14. cxb4 Nxe3 15.
Bxe3 Bxe2 16. Kxe2 O-O 17. bxc5 dxc5 18. Bxd7 Qxd7 19. Nxe5 Qb5+ 20. Kf3 Bd6
21. Nc6 Rae8 22. Nxa7 Qd3 23. Nc6 Qxe4+ 24. Ke2 f5 25. Rhe1 f4 26. Kf1 fxe3 27.
Re2 Rxf2+ 28. Rxf2 exf2 29. Kxf2 Bxh2 30. Na5 Qe2# 0-1